Online Catalogue and eLibrary

Muslim family law in Sri lanka (Record no. 2846)

MARC details
000 -LEADER
fixed length control field 00528nam a2200181Ia 4500
005 - DATE AND TIME OF LATEST TRANSACTION
control field 20240604054504.0
008 - FIXED-LENGTH DATA ELEMENTS--GENERAL INFORMATION
fixed length control field 240331s9999 xx 000 0 und d
020 ## - INTERNATIONAL STANDARD BOOK NUMBER
ISBN 9556250050
082 ## - DDC Classification
Item Number - Author Mark KOD
Class No. 346
100 ## - MAIN ENTRY--PERSONAL NAME
Personal name Kodikara, Chulani
245 #0 - TITLE STATEMENT
Title Muslim family law in Sri lanka
Remainder of title Theory, practice and issues of Concern to Women
Statement of responsibility, etc. Chulani Kodikara
250 ## - EDITION STATEMENT
Edition statement 1 st
260 ## - PUBLICATION, DISTRIBUTION, ETC.
Place of publication, distribution, etc. Sri Lanka
Name of publisher, distributor, etc. Muslim Women's Research and Action Forum
Date of publication, distribution, etc. 1999
300 ## - PHYSICAL DESCRIPTION
Extent (e.g. Volumes, Pages etc.) xvi, 334 p .,
650 ## - SUBJECT ADDED ENTRY--TOPICAL TERM
Topical term or geographic name entry element Muslim Law
650 ## - SUBJECT ADDED ENTRY--TOPICAL TERM
Topical term or geographic name entry element Women
942 ## - Koha item type (Biblio)
Koha item type Books in Stacks (Lending)
Holdings
Lost status Damaged status Collection code Home library Current library Shelving location Date acquired Full call number Accession Number Item type
    Lending WERC Library WERC Library Social Science Cupboard 03/31/2024 346.01 KOD 4289 Books in Stacks (Lending)

© WERC Library